Từ điển Kỹ thuật - Công nghệ Dùng cho học sinh - sinh viên
TM tài liệu tham khảo Tr. 738 - 739; Tra cứu về các ngành kỹ thuật - Công nghệ mang tính tổng hợp, phổ cập. Gồm các thuật ngữ đã có từ lâu trong tiếng Việt còn có nhiều thuật ngữ, khái niệm khoa học kỹ thuật mới....
Na minha lista:
| Autor principal: | |
|---|---|
| Outros Autores: | |
| Formato: | Livro |
| Idioma: | Undetermined |
| Publicado em: |
H.
Giáo dục Việt Nam
2009
|
| Assuntos: | |
| Acesso em linha: | http://lrc.tdmu.edu.vn/opac/search/detail.asp?aID=2&ID=17432 |
| Tags: |
Adicionar Tag
Sem tags, seja o primeiro a adicionar uma tag!
|
| Thư viện lưu trữ: | Trung tâm Học liệu Trường Đại học Thủ Dầu Một |
|---|
| LEADER | 01258nam a2200229Ia 4500 | ||
|---|---|---|---|
| 001 | TDMU_17432 | ||
| 008 | 210410s9999 xx 000 0 und d | ||
| 082 | |a 603 | ||
| 090 | |b PH104 | ||
| 100 | |a Phạm, Văn Khôi | ||
| 245 | 0 | |a Từ điển Kỹ thuật - Công nghệ | |
| 245 | 0 | |b Dùng cho học sinh - sinh viên | |
| 245 | 0 | |c Phạm Văn khôi (ch.b), Đào Hồng Bách, Trần Văn Địch...[và nh.ng.khác] (b.s) | |
| 260 | |a H. | ||
| 260 | |b Giáo dục Việt Nam | ||
| 260 | |c 2009 | ||
| 300 | |a 739tr | ||
| 520 | |a TM tài liệu tham khảo Tr. 738 - 739; Tra cứu về các ngành kỹ thuật - Công nghệ mang tính tổng hợp, phổ cập. Gồm các thuật ngữ đã có từ lâu trong tiếng Việt còn có nhiều thuật ngữ, khái niệm khoa học kỹ thuật mới. | ||
| 650 | |a Kỹ thuật - Công nghệ |v Từ điển; Từ điển chuyên ngành |x Công nghệ (Khoa học ứng dụng) |x Kỹ thuật - Công nghệ | ||
| 700 | |a Đào, Hồng Bách | ||
| 856 | |u http://lrc.tdmu.edu.vn/opac/search/detail.asp?aID=2&ID=17432 | ||
| 980 | |a Trung tâm Học liệu Trường Đại học Thủ Dầu Một | ||